Orlando Letelier: el que lo advirtió. Los Chicago Boys en Chile

Zapisane w:
Opis bibliograficzny
Główni autorzy: Lawner Steiman, Miguel (Autor), Soto, Hernán (Autor)
Format: Książka
Język:hiszpański
Wydane: Santiago LOM 2011
Wydanie:1a. ed
Seria:Colección Septiembre
Hasła przedmiotowe:
Etykiety: Dodaj etykietę
Nie ma etykietki, Dołącz pierwszą etykiete!

MARC

LEADER 00000cam a2200000 a 4500
001 UCF1883
003 CL-VaPUC
008 120727e20110000CL |||||||||||||||||spa|d
020 |a 9789560002792 
082 0 4 |a 320.983  |b LAW  |2 21 
100 |a Lawner Steiman, Miguel  |e author  |9 595470 
700 0 |a Soto, Hernán  |e author  |9 563414 
245 1 0 |a Orlando Letelier: el que lo advirtió. Los Chicago Boys en Chile 
250 |a 1a. ed 
300 |a 91 p 
942 |c BK 
945 |d 20120727 00:00:00  |a dcastane 
260 |a Santiago  |b LOM  |c 2011 
600 0 7 |a LETELIER, ORLANDO  |2 CL-VaPUC  |9 323655 
650 0 |a Política y gobierno  |9 255151 
650 7 |a ECONOMIA DE CHILE  |2 CL-VaPUC  |9 563415 
650 0 |a Historia de Chile siglo 20  |9 268145 
583 |a last modification  |c 20120727 13:37:00  |k Rodrigo Vera 
490 0 |a Colección Septiembre 
999 |c 348571  |d 348569 
952 |0 0  |1 0  |4 0  |6 320_983000000000000_LAW_2011  |7 0  |8 A  |9 450637  |a BIBING  |b BIBING  |d 2019-11-22  |i 4871545  |o 320.983 LAW 2011  |p 4871545  |r 2025-01-20  |w 2019-11-22  |y BK  |k CUI